<?xml version="1.0" encoding="UTF-8"?>
<record
    xmlns:xsi="http://www.w3.org/2001/XMLSchema-instance"
    xsi:schemaLocation="http://www.loc.gov/MARC21/slim http://www.loc.gov/standards/marcxml/schema/MARC21slim.xsd"
    xmlns="http://www.loc.gov/MARC21/slim">

  <leader>00635nam a22001577a 4500</leader>
  <controlfield tag="003">OSt</controlfield>
  <controlfield tag="005">20260304092149.0</controlfield>
  <controlfield tag="008">260224b           ||||| |||| 00| 0 eng d</controlfield>
  <datafield tag="020" ind1=" " ind2=" ">
    <subfield code="a">978-629-94399-1-2</subfield>
  </datafield>
  <datafield tag="040" ind1=" " ind2=" ">
    <subfield code="b">Mal</subfield>
    <subfield code="c">Jabatan Mineral dan Geosains Malaysia</subfield>
  </datafield>
  <datafield tag="100" ind1=" " ind2=" ">
    <subfield code="a">P.Geol.Abdul Hadi b Abdul Rahman,P.Geol.Mahat b Hj Sibon,P.Geol.Zaki b Alias,P.Geol.Khairul Nazri b Hj Yaakub,P.Geol Fakhruddin Afif b Fauzi,PGeol.Ledyhernando Taniou,P.Geol.Arda Anasha bt Jamil</subfield>
  </datafield>
  <datafield tag="245" ind1=" " ind2=" ">
    <subfield code="a">Kompendium Unsur Nadir Bumi (REE)</subfield>
  </datafield>
  <datafield tag="264" ind1=" " ind2=" ">
    <subfield code="a">Putrajaya</subfield>
    <subfield code="b">Jabatan Mineral dan Geosains Malaysia</subfield>
    <subfield code="c">2025</subfield>
  </datafield>
  <datafield tag="300" ind1=" " ind2=" ">
    <subfield code="a">ill95p .:15.21cm</subfield>
  </datafield>
  <datafield tag="942" ind1=" " ind2=" ">
    <subfield code="2">ddc</subfield>
    <subfield code="c">BK</subfield>
  </datafield>
  <datafield tag="999" ind1=" " ind2=" ">
    <subfield code="c">27143</subfield>
    <subfield code="d">27143</subfield>
  </datafield>
  <datafield tag="952" ind1=" " ind2=" ">
    <subfield code="0">0</subfield>
    <subfield code="1">0</subfield>
    <subfield code="2">ddc</subfield>
    <subfield code="4">0</subfield>
    <subfield code="7">0</subfield>
    <subfield code="a">JMGBPT</subfield>
    <subfield code="b">JMGBPT</subfield>
    <subfield code="d">2026-02-24</subfield>
    <subfield code="l">0</subfield>
    <subfield code="r">2026-02-24</subfield>
    <subfield code="w">2026-02-24</subfield>
    <subfield code="y">BK</subfield>
  </datafield>
</record>
